| 000 | 00559nam a22001937a 4500 | ||
|---|---|---|---|
| 005 | 20250326104414.0 | ||
| 008 | 250326b ||||| |||| 00| 0 spa d | ||
| 020 | _a968-444-423-0 | ||
| 040 |
_aAR-FvUNAJ _dAR-FvUNAJ |
||
| 082 | 1 | 4 |
_214 _a658.8 |
| 100 | 1 |
_aRussell, J. Thomas _921439 |
|
| 245 | 1 | 0 |
_aKleppner Publicidad / _cJ.Thomas Russell, W.Ronald Lane |
| 250 | _a14a.ed. | ||
| 260 |
_aMéxico : _bPearson Educación, _c2001. |
||
| 300 | _axviii, 716 p. | ||
| 650 | 1 | 7 |
_2unescot _aMARKETING _9397 |
| 700 | 1 |
_aLane, W. Ronald _921440 |
|
| 942 |
_2ddc _cLIBRO |
||
| 999 |
_c10883 _d10883 |
||
| 980 |
_62 _aVirginia Figueroa _82 _gVirginia Figueroa |
||